New headway english course: intermediate student's book
Wedi'i Gadw mewn:
| Prif Awduron: | , |
|---|---|
| Fformat: | Llyfr |
| Iaith: | Saesneg |
| Cyhoeddwyd: |
Oxford
Oxford University Press
1996
|
| Pynciau: | |
| Tagiau: |
Ychwanegu Tag
Dim Tagiau, Byddwch y cyntaf i dagio'r cofnod hwn!
|
MARC
| LEADER | 00000nam a2200000 a 4500 | ||
|---|---|---|---|
| 001 | UCP4678 | ||
| 003 | CL-VaPUC | ||
| 008 | 990813e19960000UK |||||||||||||||||eng|d | ||
| 082 | 0 | 4 | |a 428.8 |b SOA |2 21 |
| 100 | 0 | |a Soars, Liz |e author |9 432353 | |
| 700 | 0 | |a Soars, John |e author |9 432354 | |
| 245 | 1 | 0 | |a New headway english course: intermediate student's book |
| 300 | |a 159 p | ||
| 942 | |c BK | ||
| 945 | |d 19990813 00:00:00 |a rbrito | ||
| 260 | |a Oxford |b Oxford University Press |c 1996 | ||
| 500 | |a Incluye class cassette 1 units 1-7: 2 units 7-12 | ||
| 650 | 0 | |a Inglés |9 260023 | |
| 650 | 0 | |a Gramática |9 270497 | |
| 650 | 0 | |a Comprensión |9 339377 | |
| 650 | 0 | |a Enseñanza del inglés |9 367340 | |
| 650 | 0 | |a Enseñanza de idiomas |9 339820 | |
| 583 | |a last modification |c 19990813 00:00:00 |k Rodrigo Vera | ||
| 999 | |c 282581 |d 282579 | ||
| 952 | |0 0 |1 0 |4 0 |6 428_800000000000000_SOA_1996 |7 0 |8 A |9 324469 |a BIBEDU |b BIBEDU |d 2019-11-20 |i 3535215 |o 428.8 SOA 1996 |p 3535215 |r 2019-11-20 |w 2019-11-20 |y BK |k LIT | ||
| 952 | |0 0 |1 0 |4 0 |6 428_800000000000000_SOA_1996 |7 0 |8 A |9 324470 |a BIBEDU |b BIBEDU |d 2019-11-20 |i 3535223 |o 428.8 SOA 1996 |p 3535223 |r 2019-11-20 |w 2019-11-20 |y BK |k LIT | ||
| 952 | |0 0 |1 0 |4 0 |6 428_800000000000000_SOA_1996 |7 0 |8 A |9 324471 |a BIBEDU |b BIBEDU |d 2019-11-20 |i 3535231 |o 428.8 SOA 1996 |p 3535231 |r 2019-11-20 |w 2019-11-20 |y BK |k LIT | ||